000 00528cam a22002291 4500
001 sa 63003790
003 DLC
005 20260227111944.0
008 940920s1961 ii 000 0 beno
010 _asa 63003790
025 _aPL480:I-B-14
035 _a(OCoLC)31145627
040 _aDLC
_cCU
_dCU
_dDLC
042 _apremarc
050 0 0 _aPK1718.D284
_bD5
100 2 _aDas Gupta, Surajit.
245 1 0 _aDinarātri.
260 _c[1961]
300 _a153 p.
_c20 cm.
500 _aIn Bengali.
500 _aA novel.
999 _c55295
_d55295